|
|
|
|
| LEADER |
00000nam2a2200000 4500 |
| 001 |
351151 |
| 005 |
20231102010356.0 |
| 035 |
|
|
|a (RuTPU)RU\TPU\retro\5765
|
| 035 |
|
|
|a RU\TPU\retro\5763
|
| 090 |
|
|
|a 351151
|
| 100 |
|
|
|a 20190412d1947 k y0rusy50 ca
|
| 101 |
0 |
|
|a rus
|
| 102 |
|
|
|a RU
|
| 105 |
|
|
|a a z 001zy
|
| 200 |
0 |
|
|a Т. 25 : Генезис и география почв
|f под ред. Л. И. Прасолова
|
| 210 |
|
|
|d 1947
|
| 215 |
|
|
|a 287 с.
|c ил.
|
| 320 |
|
|
|a Библиогр. в конце ст.
|
| 461 |
|
1 |
|0 (RuTPU)RU\TPU\retro\5702
|t Труды Почвенного института имени В. В. Докучаева
|o [журнал]
|f Академия наук СССР (АН СССР), Почвенный институт им. В. В. Докучаева
|v Т. 25 : Генезис и география почв
|d 1926-
|
| 606 |
1 |
|
|a Почвоведение
|2 stltpush
|3 (RuTPU)RU\TPU\subj\71851
|9 85566
|
| 610 |
1 |
|
|a исследования
|
| 610 |
1 |
|
|a почвы
|
| 610 |
1 |
|
|a анализ
|
| 610 |
1 |
|
|a генезис
|
| 610 |
1 |
|
|a география
|
| 610 |
1 |
|
|a Кавказ
|
| 610 |
1 |
|
|a кристаллические породы
|
| 610 |
1 |
|
|a соленакопление
|
| 610 |
1 |
|
|a Узбекистан
|
| 610 |
1 |
|
|a Фергана
|
| 610 |
1 |
|
|a черноземы
|
| 610 |
1 |
|
|a происхождение
|
| 610 |
1 |
|
|a состав
|
| 610 |
1 |
|
|a свойства
|
| 610 |
1 |
|
|a химические свойства
|
| 610 |
1 |
|
|a подзолистые почвы
|
| 675 |
|
|
|a 631.4
|v 4
|
| 702 |
|
1 |
|a Прасолов
|b Л. И.
|4 340
|
| 801 |
|
1 |
|a RU
|b 63413507
|c 20190408
|
| 801 |
|
2 |
|a RU
|b 63413507
|c 20190412
|g RCR
|
| 942 |
|
|
|c BK
|